[Event "World Youth & Cadets Blitz Championships"]
[Site "Rhodes, Greece"]
[Date "2022.05.03"]
[Round "5.20"]
[White "Lechowski, Witold"]
[Black "Celik, Ali Alper"]
[Result "0-1"]
[TimeControl "5'/game & 2\"/move"]
[WhiteElo "1684"]
[BlackElo "1213"]

1. e4 {[%clk 00:05:03]} c5 {[%clk 00:05:02]} {[%emt 00:00:03]} 2. d4 {[%clk
00:05:04]} {[%emt 00:00:01]} cxd4 {[%clk 00:05:01]} {[%emt 00:00:02]} 3. Qxd4
{[%clk 00:05:04]} {[%emt 00:00:02]} Nc6 {[%clk 00:05:01]} {[%emt 00:00:02]} 4.
Qd3 {[%clk 00:05:04]} {[%emt 00:00:02]} d6 {[%clk 00:05:00]} {[%emt 00:00:03]}
5. Nc3 {[%clk 00:05:03]} {[%emt 00:00:03]} Nf6 {[%clk 00:04:55]} {[%emt
00:00:06]} 6. f3 {[%clk 00:05:04]} {[%emt 00:00:02]} e6 {[%clk 00:04:56]}
{[%emt 00:00:04]} 7. Be3 {[%clk 00:05:03]} Be7 {[%clk 00:04:55]} {[%emt
00:00:02]} 8. Nge2 {[%clk 00:05:01]} {[%emt 00:00:04]} Bd7 {[%clk 00:04:55]}
{[%emt 00:00:02]} 9. g4 {[%clk 00:04:52]} {[%emt 00:00:11]} Ne5 {[%clk
00:04:44]} {[%emt 00:00:13]} 10. Qd1 {[%clk 00:04:37]} {[%emt 00:00:17]} Nxf3+
{[%clk 00:04:44]} {[%emt 00:00:02]} 11. Kf2 {[%clk 00:04:38]} {[%emt 00:00:02]}
Ne5 {[%clk 00:04:43]} {[%emt 00:00:03]} 12. h3 {[%clk 00:04:34]} {[%emt
00:00:06]} Bc6 {[%clk 00:04:38]} {[%emt 00:00:06]} 13. Bg2 {[%clk 00:04:33]}
{[%emt 00:00:04]} O-O {[%clk 00:04:08]} {[%emt 00:00:32]} 14. Rf1 {[%clk
00:04:16]} {[%emt 00:00:18]} Qc7 {[%clk 00:03:26]} {[%emt 00:00:45]} 15. Kg1
{[%clk 00:04:09]} {[%emt 00:00:09]} h6 {[%clk 00:03:21]} {[%emt 00:00:07]} 16.
b3 {[%clk 00:03:50]} {[%emt 00:00:21]} Rfd8 {[%clk 00:03:13]} {[%emt 00:00:09]}
17. Nf4 {[%clk 00:03:16]} {[%emt 00:00:36]} Rac8 {[%clk 00:02:58]} {[%emt
00:00:18]} 18. Nfe2 {[%clk 00:02:53]} {[%emt 00:00:25]} Qa5 {[%clk 00:02:30]}
{[%emt 00:00:29]} 19. a3 {[%clk 00:02:31]} {[%emt 00:00:24]} d5 {[%clk
00:02:02]} {[%emt 00:00:31]} 20. b4 {[%clk 00:02:28]} {[%emt 00:00:05]} Qc7
{[%clk 00:01:59]} {[%emt 00:00:05]} 21. exd5 {[%clk 00:02:26]} {[%emt
00:00:04]} Nxd5 {[%clk 00:01:57]} {[%emt 00:00:04]} 22. Nxd5 {[%clk 00:01:57]}
{[%emt 00:00:30]} Bxd5 {[%clk 00:01:57]} {[%emt 00:00:02]} 23. Bxd5 {[%clk
00:01:57]} {[%emt 00:00:03]} Rxd5 {[%clk 00:01:58]} {[%emt 00:00:01]} 24. Qe1
{[%clk 00:01:56]} {[%emt 00:00:03]} Nc4 {[%clk 00:01:26]} {[%emt 00:00:34]} 25.
Bf4 {[%clk 00:01:52]} {[%emt 00:00:06]} Bd6 {[%clk 00:01:22]} {[%emt 00:00:06]}
26. Bxd6 {[%clk 00:01:47]} {[%emt 00:00:07]} Nxd6 {[%clk 00:01:18]} {[%emt
00:00:06]} 27. c3 {[%clk 00:01:43]} {[%emt 00:00:06]} Ne4 {[%clk 00:01:05]}
{[%emt 00:00:15]} 28. Rc1 {[%clk 00:01:39]} {[%emt 00:00:06]} Nd2 {[%clk
00:00:49]} {[%emt 00:00:17]} 29. Rf2 {[%clk 00:01:29]} {[%emt 00:00:11]} Ne4
{[%clk 00:00:41]} {[%emt 00:00:11]} 30. Rf3 {[%clk 00:01:15]} {[%emt 00:00:16]}
Ng5 {[%clk 00:00:39]} {[%emt 00:00:05]} 31. Re3 {[%clk 00:01:13]} {[%emt
00:00:05]} Qb6 {[%clk 00:00:40]} 32. Qf2 {[%clk 00:01:13]} {[%emt 00:00:01]}
Rd2 {[%clk 00:00:34]} {[%emt 00:00:07]} 33. Kg2 {[%clk 00:01:00]} {[%emt
00:00:15]} Qc6+ {[%clk 00:00:28]} {[%emt 00:00:08]} 34. Kg1 {[%clk 00:00:50]}
{[%emt 00:00:12]} Ne4 {[%clk 00:00:27]} {[%emt 00:00:04]} 35. Qf3 {[%clk
00:00:48]} {[%emt 00:00:04]} Nf6 {[%clk 00:00:27]} {[%emt 00:00:02]} 36. Nd4
{[%clk 00:00:45]} {[%emt 00:00:04]} Qxf3 {[%clk 00:00:25]} {[%emt 00:00:05]} 37.
Rxf3 {[%clk 00:00:46]} {[%emt 00:00:01]} Nd5 {[%clk 00:00:23]} {[%emt
00:00:05]} 38. c4 {[%clk 00:00:43]} {[%emt 00:00:04]} Rxd4 {[%clk 00:00:23]}
{[%emt 00:00:02]} 39. Rcf1 {[%clk 00:00:39]} {[%emt 00:00:05]} Nf6 {[%clk
00:00:22]} {[%emt 00:00:03]} 40. c5 {[%clk 00:00:39]} {[%emt 00:00:02]} b6
{[%clk 00:00:24]} 41. cxb6 {[%clk 00:00:38]} {[%emt 00:00:03]} axb6 {[%clk
00:00:25]} 42. Ra1 {[%clk 00:00:32]} {[%emt 00:00:07]} Rc2 {[%clk 00:00:25]}
{[%emt 00:00:03]} 43. Rf2 {[%clk 00:00:32]} {[%emt 00:00:01]} Rc3 {[%clk
00:00:24]} {[%emt 00:00:04]} 44. Kg2 {[%clk 00:00:30]} {[%emt 00:00:03]} Rdd3
{[%clk 00:00:25]} {[%emt 00:00:02]} 45. a4 {[%clk 00:00:29]} {[%emt 00:00:03]}
Rg3+ {[%clk 00:00:26]} {[%emt 00:00:01]} 46. Kf1 {[%clk 00:00:29]} {[%emt
00:00:01]} Rxh3 {[%clk 00:00:26]} {[%emt 00:00:02]} 47. a5 {[%clk 00:00:30]}
Rh1+ {[%clk 00:00:27]} {[%emt 00:00:01]} 48. Kg2 {[%clk 00:00:31]} {[%emt
00:00:02]} Rxa1 {[%clk 00:00:28]} {[%emt 00:00:01]} 49. axb6 {[%clk 00:00:31]}
{[%emt 00:00:02]} Rc8 {[%clk 00:00:28]} {[%emt 00:00:02]} 50. Rd2 {[%clk
00:00:27]} {[%emt 00:00:04]} Rb8 {[%clk 00:00:29]} {[%emt 00:00:03]} 51. Rd6
{[%clk 00:00:27]} {[%emt 00:00:01]} Ra6 {[%clk 00:00:30]} {[%emt 00:00:01]} 52.
Rc6 {[%clk 00:00:26]} {[%emt 00:00:03]} Raxb6 {[%clk 00:00:30]} {[%emt
00:00:01]} 53. Rc4 {[%clk 00:00:27]} {[%emt 00:00:01]} Rxb4 {[%clk 00:05:02]}
{[%emt 00:00:06]} 0-1

[Event "World Youth & Cadets Blitz Championships"]
[Site "Rhodes, Greece"]
[Date "2022.05.03"]
[Round "5.21"]
[White "Hanache, Kai"]
[Black "Jalving, August"]
[Result "0-1"]
[TimeControl "5'/game & 2\"/move"]
[WhiteElo "1644"]
[BlackElo "1908"]

1. e4 {[%clk 00:05:02]} c6 {[%clk 00:05:03]} {[%emt 00:00:02]} 2. d4 {[%clk
00:05:03]} d5 {[%clk 00:05:05]} 3. exd5 {[%clk 00:05:05]} {[%emt 00:00:02]}
cxd5 {[%clk 00:05:06]} 4. Bd3 {[%clk 00:05:06]} Nf6 {[%clk 00:05:06]} {[%emt
00:00:01]} 5. Nf3 {[%clk 00:05:08]} Bg4 {[%clk 00:05:05]} {[%emt 00:00:03]} 6.
h3 {[%clk 00:05:09]} Bh5 {[%clk 00:05:05]} 7. c3 {[%clk 00:05:10]} {[%emt
00:00:02]} Nc6 {[%clk 00:05:04]} {[%emt 00:00:03]} 8. O-O {[%clk 00:05:11]}
{[%emt 00:00:01]} e6 {[%clk 00:05:04]} {[%emt 00:00:02]} 9. Bf4 {[%clk
00:05:12]} Bd6 {[%clk 00:05:01]} {[%emt 00:00:06]} 10. Bxd6 {[%clk 00:05:13]}
Qxd6 {[%clk 00:05:01]} {[%emt 00:00:02]} 11. Nbd2 {[%clk 00:05:13]} {[%emt
00:00:01]} O-O {[%clk 00:05:01]} {[%emt 00:00:02]} 12. Re1 {[%clk 00:05:14]}
{[%emt 00:00:01]} Rfe8 {[%clk 00:04:55]} {[%emt 00:00:08]} 13. Rc1 {[%clk
00:05:01]} {[%emt 00:00:16]} e5 {[%clk 00:04:55]} {[%emt 00:00:02]} 14. dxe5
{[%clk 00:04:59]} {[%emt 00:00:04]} Nxe5 {[%clk 00:04:55]} {[%emt 00:00:01]} 15.
Be2 {[%clk 00:04:56]} {[%emt 00:00:05]} Bg6 {[%clk 00:04:20]} {[%emt 00:00:37]}
16. Nxe5 {[%clk 00:04:53]} {[%emt 00:00:06]} Qxe5 {[%clk 00:04:18]} {[%emt
00:00:04]} 17. Nf3 {[%clk 00:04:53]} {[%emt 00:00:01]} Qf4 {[%clk 00:04:06]}
{[%emt 00:00:13]} 18. Qd4 {[%clk 00:04:48]} {[%emt 00:00:07]} Re4 {[%clk
00:03:54]} {[%emt 00:00:16]} 19. Qd2 {[%clk 00:04:41]} {[%emt 00:00:08]} Nh5
{[%clk 00:03:30]} {[%emt 00:00:25]} 20. Qxd5 {[%clk 00:04:19]} {[%emt
00:00:25]} Rxe2 {[%clk 00:03:27]} {[%emt 00:00:05]} 21. Qxb7 {[%clk 00:04:03]}
{[%emt 00:00:18]} Rb8 {[%clk 00:02:57]} {[%emt 00:00:33]} 22. Rxe2 {[%clk
00:03:31]} {[%emt 00:00:34]} Qxc1+ {[%clk 00:02:51]} {[%emt 00:00:07]} 23. Kh2
{[%clk 00:03:31]} {[%emt 00:00:02]} Qf4+ {[%clk 00:02:47]} {[%emt 00:00:05]} 24.
g3 {[%clk 00:03:32]} {[%emt 00:00:02]} Qd6 {[%clk 00:02:39]} {[%emt 00:00:10]}
25. Qxa7 {[%clk 00:03:22]} {[%emt 00:00:13]} Rf8 {[%clk 00:02:27]} {[%emt
00:00:13]} 26. Nd4 {[%clk 00:03:18]} {[%emt 00:00:07]} f5 {[%clk 00:01:58]}
{[%emt 00:00:31]} 27. Kg2 {[%clk 00:02:39]} {[%emt 00:00:40]} f4 {[%clk
00:01:58]} {[%emt 00:00:02]} 28. g4 {[%clk 00:02:37]} {[%emt 00:00:04]} f3+
{[%clk 00:01:48]} {[%emt 00:00:12]} 29. Nxf3 {[%clk 00:02:32]} {[%emt
00:00:08]} Nf4+ {[%clk 00:01:49]} 30. Kf1 {[%clk 00:02:27]} Nxe2 {[%clk
00:01:50]} {[%emt 00:00:08]} 0-1

[Event "World Youth & Cadets Blitz Championships"]
[Site "Rhodes, Greece"]
[Date "2022.05.03"]
[Round "5.22"]
[White "Gabadadze, Gabriel"]
[Black "Gibala, Adam"]
[Result "1/2-1/2"]
[TimeControl "5'/game & 2\"/move"]
[WhiteElo "1254"]
[BlackElo "1501"]

1. e4 {[%clk 00:05:04]} c5 {[%clk 00:05:04]} 2. Nf3 {[%clk 00:05:05]} Nc6
{[%clk 00:05:05]} {[%emt 00:00:01]} 3. d4 {[%clk 00:05:06]} cxd4 {[%clk
00:05:05]} {[%emt 00:00:02]} 4. Nxd4 {[%clk 00:05:07]} Nf6 {[%clk 00:05:06]} 5.
Nc3 {[%clk 00:05:08]} d6 {[%clk 00:05:06]} {[%emt 00:00:02]} 6. Bg5 {[%clk
00:05:09]} {[%emt 00:00:02]} e6 {[%clk 00:05:06]} {[%emt 00:00:02]} 7. Qd3
{[%clk 00:05:10]} Be7 {[%clk 00:05:01]} {[%emt 00:00:07]} 8. O-O-O {[%clk
00:05:09]} {[%emt 00:00:03]} a6 {[%clk 00:05:01]} {[%emt 00:00:02]} 9. Kb1
{[%clk 00:05:09]} {[%emt 00:00:01]} O-O {[%clk 00:04:58]} {[%emt 00:00:05]} 10.
f4 {[%clk 00:05:10]} Bd7 {[%clk 00:04:50]} {[%emt 00:00:11]} 11. Be2 {[%clk
00:05:03]} {[%emt 00:00:09]} Qa5 {[%clk 00:04:33]} {[%emt 00:00:19]} 12. Nb3
{[%clk 00:04:57]} {[%emt 00:00:08]} Qb6 {[%clk 00:04:12]} {[%emt 00:00:23]} 13.
Bxf6 {[%clk 00:04:07]} {[%emt 00:00:51]} Bxf6 {[%clk 00:04:13]} 14. Qxd6 {[%clk
00:04:00]} {[%emt 00:00:10]} Bxc3 {[%clk 00:04:13]} {[%emt 00:00:02]} 15. bxc3
{[%clk 00:04:00]} {[%emt 00:00:02]} Rfd8 {[%clk 00:04:10]} {[%emt 00:00:04]} 16.
Qc5 {[%clk 00:03:56]} {[%emt 00:00:06]} Qc7 {[%clk 00:04:02]} {[%emt 00:00:11]}
17. e5 {[%clk 00:03:38]} {[%emt 00:00:20]} b6 {[%clk 00:04:02]} {[%emt
00:00:02]} 18. Qa3 {[%clk 00:03:31]} {[%emt 00:00:09]} a5 {[%clk 00:03:49]}
{[%emt 00:00:16]} 19. Rd6 {[%clk 00:03:20]} {[%emt 00:00:11]} Ne7 {[%clk
00:03:19]} {[%emt 00:00:32]} 20. Bf3 {[%clk 00:02:49]} {[%emt 00:00:34]} Rac8
{[%clk 00:03:08]} {[%emt 00:00:14]} 21. Rhd1 {[%clk 00:02:39]} {[%emt
00:00:12]} Nf5 {[%clk 00:03:05]} {[%emt 00:00:06]} 22. R6d3 {[%clk 00:02:34]}
{[%emt 00:00:05]} Bb5 {[%clk 00:02:46]} {[%emt 00:00:22]} 23. Rxd8+ {[%clk
00:02:34]} {[%emt 00:00:02]} Rxd8 {[%emt 00:00:06]} 24. Rxd8+ {[%clk 00:02:29]}
{[%emt 00:00:04]} Qxd8 {[%clk 00:02:45]} 25. Qc1 {[%clk 00:02:24]} {[%emt
00:00:07]} Qc7 {[%clk 00:02:38]} {[%emt 00:00:09]} 26. Qd2 {[%clk 00:02:21]}
{[%emt 00:00:06]} h6 {[%clk 00:02:04]} {[%emt 00:00:36]} 27. Be4 {[%clk
00:02:10]} {[%emt 00:00:13]} Qc4 {[%clk 00:01:33]} {[%emt 00:00:33]} 28. Bd3
{[%clk 00:01:57]} {[%emt 00:00:14]} Qc6 {[%clk 00:01:19]} {[%emt 00:00:16]} 29.
Bxb5 {[%clk 00:01:17]} {[%emt 00:00:43]} Qxb5 {[%emt 00:00:04]} 30. Qd3 {[%clk
00:01:12]} {[%emt 00:00:06]} Qc6 {[%clk 00:00:55]} {[%emt 00:00:25]} 31. Qd2
{[%clk 00:00:55]} {[%emt 00:00:18]} a4 {[%clk 00:00:44]} {[%emt 00:00:13]} 32.
Nd4 {[%clk 00:00:32]} {[%emt 00:00:25]} Qd5 {[%clk 00:00:45]} 33. a3 {[%clk
00:00:20]} {[%emt 00:00:14]} h5 {[%clk 00:00:24]} {[%emt 00:00:23]} 34. Kb2
{[%emt 00:00:05]} g6 {[%clk 00:00:17]} {[%emt 00:00:04]} 35. g3 {[%emt
00:00:05]} b5 {[%clk 00:00:11]} {[%emt 00:00:04]} 36. Qd3 {[%clk 00:00:16]}
{[%emt 00:00:09]} Nxd4 {[%clk 00:00:11]} {[%emt 00:00:03]} 37. Qxd4 {[%clk
00:00:13]} {[%emt 00:00:04]} Qg2 {[%clk 00:00:11]} {[%emt 00:00:02]} 38. Qd8+
{[%clk 00:00:12]} {[%emt 00:00:02]} Kg7 {[%clk 00:00:12]} {[%emt 00:00:02]} 39.
Qf6+ {[%clk 00:00:11]} {[%emt 00:00:03]} Kg8 {[%clk 00:00:13]} {[%emt
00:00:01]} 40. Qd8+ {[%clk 00:00:09]} {[%emt 00:00:04]} 1/2-1/2

[Event "World Youth & Cadets Blitz Championships"]
[Site "Rhodes, Greece"]
[Date "2022.05.03"]
[Round "5.23"]
[White "Beniosev, Daniel"]
[Black "Negrean, Andrei"]
[Result "0-1"]
[TimeControl "5'/game & 2\"/move"]
[WhiteElo "1355"]
[BlackElo "1862"]

1. e4 {[%clk 00:05:03]} c5 {[%clk 00:05:04]} 2. c3 {[%clk 00:05:04]} d5 {[%emt
00:00:02]} 3. exd5 {[%clk 00:05:04]} {[%emt 00:00:01]} Qxd5 {[%clk 00:05:05]} 4.
d4 {[%clk 00:05:03]} {[%emt 00:00:03]} e6 {[%clk 00:05:07]} 5. Nf3 {[%clk
00:05:04]} {[%emt 00:00:01]} Nc6 {[%clk 00:05:08]} 6. Be3 {[%clk 00:05:04]}
{[%emt 00:00:02]} cxd4 {[%clk 00:05:08]} 7. cxd4 {[%clk 00:05:07]} {[%emt
00:00:04]} Nf6 {[%clk 00:05:08]} 8. Nc3 {[%clk 00:05:07]} {[%emt 00:00:02]} Qd6
{[%clk 00:05:09]} 9. a3 {[%clk 00:05:03]} {[%emt 00:00:06]} Be7 {[%clk
00:05:08]} 10. Rc1 {[%clk 00:05:04]} {[%emt 00:00:05]} O-O {[%clk 00:05:05]} 11.
Bd3 {[%clk 00:05:05]} {[%emt 00:00:06]} Rd8 {[%clk 00:04:30]} 12. Bc2 {[%clk
00:04:52]} {[%emt 00:00:50]} b6 {[%clk 00:04:25]} 13. Qd3 {[%clk 00:04:53]}
{[%emt 00:00:09]} Bb7 {[%clk 00:04:16]} 14. Bg5 {[%clk 00:04:52]} {[%emt
00:00:14]} g6 {[%clk 00:04:15]} 15. Be3 {[%clk 00:04:42]} {[%emt 00:00:15]} Nd5
{[%clk 00:04:05]} 16. Ne4 {[%clk 00:04:41]} {[%emt 00:00:16]} Qd7 {[%clk
00:04:05]} 17. O-O {[%clk 00:04:35]} {[%emt 00:00:09]} Bf8 {[%clk 00:03:42]} 18.
Bb3 {[%clk 00:04:26]} {[%emt 00:00:35]} Bg7 {[%clk 00:03:35]} 19. Rfd1 {[%clk
00:04:15]} {[%emt 00:00:24]} Nxe3 {[%clk 00:03:21]} 20. fxe3 {[%clk 00:04:14]}
{[%emt 00:00:19]} Ne7 {[%emt 00:00:44]} 21. Qe2 Bxe4 {[%clk 00:03:15]} {[%emt
00:00:02]} 22. Ng5 {[%clk 00:03:36]} {[%emt 00:00:06]} Bd5 {[%clk 00:03:10]}
{[%emt 00:00:07]} 23. Bxd5 {[%clk 00:03:06]} {[%emt 00:00:32]} Nxd5 {[%clk
00:03:07]} 24. e4 {[%clk 00:03:06]} {[%emt 00:00:06]} Nf4 {[%emt 00:00:20]} 25.
Qd2 {[%clk 00:02:55]} {[%emt 00:00:10]} Qxd4+ {[%clk 00:02:41]} {[%emt
00:00:13]} 26. Qxd4 {[%clk 00:02:56]} {[%emt 00:00:02]} Rxd4 {[%clk 00:02:30]}
{[%emt 00:00:13]} 27. Re1 {[%clk 00:02:45]} {[%emt 00:00:11]} Nd3 {[%clk
00:02:31]} {[%emt 00:00:03]} 28. Rf1 {[%clk 00:02:40]} {[%emt 00:00:08]} Nxc1
29. Rxc1 {[%clk 00:02:41]} Bh6 {[%clk 00:02:27]} {[%emt 00:00:05]} 30. h4
{[%clk 00:02:41]} {[%emt 00:00:01]} Rad8 {[%clk 00:02:23]} {[%emt 00:00:07]} 31.
Rc3 {[%clk 00:02:42]} {[%emt 00:00:02]} Bxg5 {[%clk 00:02:22]} {[%emt
00:00:01]} 32. hxg5 {[%emt 00:00:03]} Rxe4 {[%clk 00:02:20]} {[%emt 00:00:03]}
33. Kh2 {[%clk 00:02:42]} {[%emt 00:00:03]} Rd2 {[%clk 00:02:15]} {[%emt
00:00:07]} 34. Rc8+ {[%clk 00:02:41]} {[%emt 00:00:03]} Kg7 35. Rc7 {[%clk
00:02:40]} {[%emt 00:00:02]} Rg4 {[%clk 00:02:16]} {[%emt 00:00:03]} 36. Rxa7
{[%clk 00:02:37]} {[%emt 00:00:05]} Rgxg2+ {[%clk 00:02:16]} {[%emt 00:00:02]}
37. Kh1 {[%clk 00:02:38]} Rge2 {[%clk 00:02:14]} {[%emt 00:00:03]} 38. Rxf7+
{[%clk 00:02:38]} {[%emt 00:00:03]} Kxf7 {[%emt 00:00:02]} 39. Kg1 {[%clk
00:02:38]} Rd1# {[%clk 00:02:16]} {[%emt 00:00:02]} 0-1

[Event "World Youth & Cadets Blitz Championships"]
[Site "Rhodes, Greece"]
[Date "2022.05.03"]
[Round "5.24"]
[White "Verbytski, Oleg"]
[Black "Rutkowski, Feliks"]
[Result "1-0"]
[TimeControl "5'/game & 2\"/move"]
[WhiteElo "1756"]
[BlackElo "1242"]

1. e4 {[%clk 00:05:03]} c5 {[%clk 00:05:04]} 2. Nf3 {[%emt 00:00:02]} e6 {[%clk
00:05:04]} {[%emt 00:00:02]} 3. d4 {[%clk 00:05:04]} cxd4 {[%clk 00:05:05]} 4.
Nxd4 {[%clk 00:05:05]} {[%emt 00:00:01]} Nc6 {[%clk 00:05:06]} {[%emt
00:00:01]} 5. Nxc6 {[%clk 00:05:03]} {[%emt 00:00:04]} bxc6 {[%clk 00:05:03]}
{[%emt 00:00:05]} 6. Nc3 {[%clk 00:05:04]} Qc7 {[%clk 00:05:03]} {[%emt
00:00:02]} 7. Be3 {[%clk 00:05:04]} {[%emt 00:00:02]} Nf6 {[%clk 00:04:58]}
{[%emt 00:00:07]} 8. a3 {[%clk 00:05:04]} {[%emt 00:00:02]} Bb7 {[%clk
00:04:41]} {[%emt 00:00:19]} 9. f3 {[%clk 00:05:03]} {[%emt 00:00:03]} Be7
{[%clk 00:04:37]} {[%emt 00:00:06]} 10. Qd2 {[%clk 00:05:04]} {[%emt 00:00:01]}
a6 {[%clk 00:04:32]} {[%emt 00:00:07]} 11. Bc4 {[%clk 00:05:03]} {[%emt
00:00:04]} d5 {[%clk 00:04:28]} {[%emt 00:00:05]} 12. exd5 {[%clk 00:04:58]}
{[%emt 00:00:06]} cxd5 {[%clk 00:04:27]} {[%emt 00:00:03]} 13. Bb3 {[%clk
00:04:59]} O-O {[%clk 00:04:08]} {[%emt 00:00:22]} 14. O-O {[%clk 00:04:48]}
{[%emt 00:00:14]} Bd6 {[%clk 00:03:58]} {[%emt 00:00:11]} 15. h3 {[%clk
00:04:36]} {[%emt 00:00:14]} Nh5 {[%clk 00:03:48]} {[%emt 00:00:12]} 16. Bf2
{[%clk 00:04:27]} {[%emt 00:00:11]} Ng3 {[%clk 00:03:49]} {[%emt 00:00:02]} 17.
Bxg3 {[%clk 00:04:27]} {[%emt 00:00:02]} Bxg3 {[%clk 00:03:49]} 18. Rad1 {[%clk
00:04:23]} {[%emt 00:00:06]} Rac8 {[%clk 00:03:07]} {[%emt 00:00:44]} 19. Ne2
{[%clk 00:04:11]} {[%emt 00:00:14]} Bd6 {[%clk 00:02:23]} {[%emt 00:00:47]} 20.
Kh1 {[%clk 00:04:11]} {[%emt 00:00:02]} Bc6 {[%clk 00:02:15]} {[%emt 00:00:10]}
21. c3 {[%clk 00:04:09]} {[%emt 00:00:04]} Bb5 {[%clk 00:02:12]} {[%emt
00:00:06]} 22. Bc2 {[%clk 00:04:09]} d4 {[%clk 00:01:53]} {[%emt 00:00:21]} 23.
Rfe1 {[%clk 00:03:53]} {[%emt 00:00:17]} Bxe2 {[%emt 00:00:38]} 24. Rxe2 {[%clk
00:03:45]} {[%emt 00:00:04]} e5 {[%clk 00:01:00]} {[%emt 00:00:27]} 25. cxd4
{[%clk 00:03:35]} {[%emt 00:00:11]} exd4 {[%clk 00:00:53]} {[%emt 00:00:09]} 26.
Qxd4 {[%clk 00:03:35]} {[%emt 00:00:02]} Rfd8 {[%clk 00:00:52]} {[%emt
00:00:03]} 27. Qe4 {[%clk 00:03:32]} {[%emt 00:00:04]} g6 {[%clk 00:00:46]}
{[%emt 00:00:09]} 28. Bb1 {[%clk 00:03:22]} {[%emt 00:00:12]} Re8 {[%clk
00:00:33]} {[%emt 00:00:16]} 29. Qxe8+ {[%clk 00:03:10]} {[%emt 00:00:13]} Rxe8
{[%clk 00:00:34]} {[%emt 00:00:01]} 30. Rxe8+ {[%clk 00:03:11]} {[%emt
00:00:01]} Kg7 {[%clk 00:00:35]} 31. Re2 {[%clk 00:02:58]} {[%emt 00:00:15]}
Bg3 {[%clk 00:00:33]} {[%emt 00:00:05]} 32. Red2 {[%clk 00:02:57]} {[%emt
00:00:02]} Qb6 {[%clk 00:00:26]} {[%emt 00:00:07]} 33. Ba2 {[%clk 00:02:56]}
{[%emt 00:00:04]} Qb5 {[%clk 00:00:05]} {[%emt 00:00:23]} 34. b4 {[%clk
00:02:43]} {[%emt 00:00:15]} Qa4 {[%clk 00:00:05]} {[%emt 00:00:02]} 35. Rd3
{[%clk 00:02:40]} {[%emt 00:00:06]} a5 {[%clk 00:00:05]} {[%emt 00:00:01]} 36.
bxa5 {[%emt 00:00:10]} Qxa5 {[%clk 00:00:06]} 37. Rd7 {[%clk 00:02:25]} {[%emt
00:00:09]} Qxa3 {[%clk 00:00:06]} {[%emt 00:00:02]} 38. Bxf7 {[%clk 00:02:23]}
{[%emt 00:00:03]} Kh6 {[%clk 00:00:07]} {[%emt 00:00:02]} 39. Bg8 {[%clk
00:02:17]} {[%emt 00:00:09]} Kg5 {[%clk 00:00:04]} {[%emt 00:00:04]} 40. R1d5+
{[%clk 00:02:08]} {[%emt 00:00:10]} Kf4 {[%clk 00:00:05]} {[%emt 00:00:02]} 41.
Rd4+ {[%clk 00:02:03]} {[%emt 00:00:06]} Kg5 {[%clk 00:00:05]} 42. Rg4+ {[%clk
00:01:59]} {[%emt 00:00:08]} Kf5 {[%clk 00:00:04]} {[%emt 00:00:03]} 43. Rxg3
{[%clk 00:01:47]} {[%emt 00:00:14]} Qc1+ {[%clk 00:00:05]} {[%emt 00:00:02]} 44.
Kh2 {[%clk 00:01:48]} Qc6 {[%clk 00:00:03]} {[%emt 00:00:03]} 45. Rd3 {[%clk
00:01:32]} {[%emt 00:00:17]} Qe8 {[%clk 00:00:00]} {[%emt 00:00:03]} 46. Bxh7
{[%emt 00:00:05]} Qf7 1-0

[Event "World Youth & Cadets Blitz Championships"]
[Site "Rhodes, Greece"]
[Date "2022.05.03"]
[Round "5.26"]
[White "Filindash, Nikita"]
[Black "Korchevskyi, Volodymyr"]
[Result "1-0"]
[TimeControl "5'/game & 2\"/move"]
[WhiteElo "1279"]
[BlackElo "1399"]

1. d4 {[%clk 00:05:03]} Nf6 {[%clk 00:05:02]} {[%emt 00:00:02]} 2. c4 {[%clk
00:05:05]} e5 {[%clk 00:05:03]} 3. d5 {[%emt 00:00:11]} d6 {[%clk 00:05:03]} 4.
Nc3 {[%clk 00:04:59]} Bf5 {[%clk 00:05:01]} {[%emt 00:00:03]} 5. Bg5 {[%clk
00:04:53]} {[%emt 00:00:09]} Nbd7 {[%clk 00:04:54]} {[%emt 00:00:09]} 6. e4
{[%clk 00:04:52]} {[%emt 00:00:03]} Bg6 {[%clk 00:04:52]} {[%emt 00:00:03]} 7.
Bd3 {[%clk 00:04:52]} {[%emt 00:00:02]} h6 {[%clk 00:04:53]} {[%emt 00:00:02]}
8. Bh4 {[%clk 00:04:45]} {[%emt 00:00:09]} Be7 {[%clk 00:04:49]} {[%emt
00:00:04]} 9. Nf3 {[%clk 00:04:29]} {[%emt 00:00:20]} Nxd5 {[%clk 00:04:49]}
{[%emt 00:00:02]} 10. Nxd5 {[%clk 00:04:24]} {[%emt 00:00:06]} Bxh4 {[%clk
00:04:49]} {[%emt 00:00:02]} 11. Nxh4 {[%clk 00:04:25]} {[%emt 00:00:02]} Qxh4
{[%clk 00:04:44]} {[%emt 00:00:06]} 12. Nxc7+ {[%clk 00:04:25]} {[%emt
00:00:02]} Ke7 {[%clk 00:04:45]} {[%emt 00:00:01]} 13. Nxa8 {[%clk 00:04:24]}
{[%emt 00:00:03]} Rxa8 {[%clk 00:04:45]} {[%emt 00:00:02]} 14. O-O {[%clk
00:04:13]} {[%emt 00:00:14]} Bxe4 {[%clk 00:04:44]} {[%emt 00:00:03]} 15. g3
{[%clk 00:04:01]} {[%emt 00:00:14]} Bxd3 {[%clk 00:04:19]} {[%emt 00:00:27]} 16.
gxh4 {[%clk 00:04:00]} {[%emt 00:00:03]} Bxf1 {[%clk 00:04:19]} {[%emt
00:00:02]} 17. Qxf1 {[%clk 00:04:01]} {[%emt 00:00:01]} Rc8 {[%clk 00:04:19]}
{[%emt 00:00:02]} 18. b3 {[%clk 00:04:00]} {[%emt 00:00:03]} Nf6 {[%clk
00:04:19]} {[%emt 00:00:03]} 19. Qe2 {[%clk 00:03:58]} {[%emt 00:00:03]} g5
{[%clk 00:04:15]} {[%emt 00:00:06]} 20. hxg5 {[%clk 00:03:58]} {[%emt
00:00:02]} hxg5 {[%clk 00:04:16]} {[%emt 00:00:01]} 21. Rd1 {[%clk 00:03:56]}
{[%emt 00:00:04]} b6 {[%clk 00:04:11]} {[%emt 00:00:07]} 22. Qd2 {[%clk
00:03:52]} {[%emt 00:00:05]} Rd8 {[%clk 00:04:11]} {[%emt 00:00:02]} 23. f3
{[%clk 00:03:45]} {[%emt 00:00:09]} g4 {[%clk 00:04:12]} {[%emt 00:00:01]} 24.
fxg4 {[%clk 00:03:20]} {[%emt 00:00:28]} Rg8 {[%clk 00:04:12]} {[%emt
00:00:02]} 25. Qxd6+ {[%clk 00:05:02]} {[%emt 00:00:14]} Ke8 {[%emt 00:00:16]}
1-0